000 00707npc a2200217Ia 4500
001 dg68-31734
003 IT-MiCISF
008 161014s9999||||xx | und||
040 _aIT-MiCISF
_cIT-MiCISF
041 _afr
100 _aDrew Eileen
240 _aLa politique sociale: frein ou soutien à l'économie européenne?
245 0 _aLa politique sociale: frein ou soutien à l'économie européenne?
_b4° Conferénce européenne des familles, Dublin 21-22 novembre 1996
250 _a1a ed.
260 _bCoface
_c2000
300 _app. 9
500 _a / politica-familiare, politiche-sociali, società /
650 _apolitica-familiare
942 _cDD
957 _71
999 _a31734
_bsi
_g1
_c207261
_d207261